000 00664nam a22002177a 4500
008 240607b |||||||| |||| 00| 0 eng d
020 _a9789937082198
082 _a580/F669
245 _aFlowering plants of provience no.1 (east Nepal)
260 _aBiratnagar:
_bMinistry of Industry, Tourism, Forest and Environment,Provience no.1,
_c2020.
300 _bxii,729p.
504 _aBibliography:p.706-710
650 _aFlowering plants
_913738
700 _aRajbhandari, Keshav
700 _aTamang, Rajesh,
700 _aChhetri, Rita
700 _aKhatri, Subash
700 _aJoshi, Mohan Dev.
700 _aRai, Sanjeev Kumar
942 _2ddc
_cISBN
999 _c114067
_d114055